Attori della saga di Harry Potter - Part.2 - Statistics

Statistiche generali
  • Questo quiz è stato fatto 21 volte
  • Il punteggio medio è 5 su 15
Statistiche sulle risposte
Hint Risposta % Corretto
Ginny Weasley Bonnie Wright
72%
Neville Paciock Matthew Lewis
72%
Sibilla Cooman Emma Thompson
67%
Luna Lovegood Evanna Lynch
39%
Dudley Dursley Harry Melling
28%
Narcissa Malfoy Helen McCrory
28%
Cho Chang Katie Leung
28%
Arthur Weasley Mark Williams
28%
Filius Vitious Warwick Davis
28%
Dean Thomas Alfred Enoch
22%
Quirinus Raptor Ian Hart
17%
Horace Lumacorno Jim Broadbent
17%
Pomona Sprite Miriam Margolyes
17%
Cornelius Caramell Robert Hardy
17%
Vincent Tiger Jamie Waylett
11%
Nessun quiz corrispondente trovato
Distribuzione punteggi
Percentuale di utenti per punteggio
Percentile per numero di risposta
I tuoi punteggi nel tempo
Non hai fatto questo quiz